E.P.S. Huayco : (Record no. 25)

MARC details
000 -LEADER
campo de control de longitud fija 01028cam a22002897a 4500
001 - NÚMERO DE CONTROL
campo de control 14111734
003 - IDENTIFICADOR DE NÚMERO DE CONTROL
campo de control 000058
005 - FECHA Y HORA DE LA ÚLTIMA TRANSACCIÓN
campo de control 20220326193246.0
008 - DATOS DE LONGITUD FIJA--INFORMACIÓN GENERAL
campo de control de longitud fija 050905s2005 pe a b 000 0 spa d
010 ## - NÚMERO DE CONTROL DE LA BIBLIOTECA DEL CONGRESO
Número de control de LC 2005465195
020 ## - NÚMERO INTERNACIONAL ESTÁNDAR DEL LIBRO
Número Internacional Estándar del Libro 9972718107
035 ## - NÚMERO DE CONTROL DEL SISTEMA
Número de control de sistema (OCoLC)ocm61720006
040 ## - FUENTE DE CATALOGACIÓN
Centro catalogador/agencia de origen CGU
Centro/agencia transcriptor CGU
Centro/agencia modificador DLC
042 ## - CÓDIGO DE AUTENTICACIÓN
Código de autenticación lccopycat
050 00 - SIGNATURA TOPOGRÁFICA DE LA BIBLIOTECA DEL CONGRESO
Número de clasificación N6715
Número de ítem .E67 2005
245 00 - MENCIÓN DEL TÍTULO
Título E.P.S. Huayco :
Resto del título documentos /
Mención de responsabilidad, etc. estudio introductorio, edición y notas por Gustavo Buntinx.
260 ## - PUBLICACIÓN, DISTRIBUCIÓN, ETC.
Lugar de publicación, distribución, etc. Lima :
Nombre del editor, distribuidor, etc. Centro Cultural de España en Lima,
Fecha de publicación, distribución, etc. 2005.
300 ## - DESCRIPCIÓN FÍSICA
Extensión 323 p. :
Otras características físicas ill. (some col.) ;
Dimensiones 24 cm.
440 #0 - MENCIÓN DE SERIE/PUNTO DE ACCESO ADICIONAL--TÍTULO
Título Fuentes para la historia del arte peruano.
Nombre de parte o sección de la obra Colección Manuel Moreyra Loredo ;
Designación de volumen o secuencia 3
9 (RLIN) 163
610 20 - PUNTO DE ACCESO ADICIONAL DE MATERIA--NOMBRE DE ENTIDAD CORPORATIVA
Nombre de entidad corporativa o nombre de jurisdicción como elemento de entrada E.P.S. Huayco (Group of artists)
9 (RLIN) 164
650 #0 - PUNTO DE ACCESO ADICIONAL DE MATERIA--TÉRMINO DE MATERIA
Término de materia o nombre geográfico como elemento de entrada Art
Subdivisión geográfica Peru.
9 (RLIN) 165
650 #0 - PUNTO DE ACCESO ADICIONAL DE MATERIA--TÉRMINO DE MATERIA
Término de materia o nombre geográfico como elemento de entrada Art, Modern.
9 (RLIN) 166
651 ## - PUNTO DE ACCESO ADICIONAL DE MATERIA--NOMBRE GEOGRÁFICO
Nombre geográfico Perú
9 (RLIN) 167
700 1# - ENTRADA AGREGADA--NOMBRE PERSONAL
Nombre de persona Buntinx, Gustavo.
9 (RLIN) 168
906 ## - ELEMENTOS DE DATOS F LOCAL, LDF (RLIN)
a 7
b cbc
c copycat
d 2
e ncip
f 20
g y-gencatlg
Holdings
Estatus retirado Estado de pérdida Fuente del sistema de clasificación o colocación Estado de daño No para préstamo Biblioteca de origen Biblioteca actual Ubicación en estantería Fecha de adquisición Total de préstamos Código de barras Visto por última vez Precio de reemplazo Tipo de ítem Koha
    Clasificación Decimal Dewey     Biblioteca LadoV Biblioteca LadoV   18/02/2014   000058 18/02/2014 18/02/2014 Material 01